| 000 | 01004nam a2200229 a 4500 | ||
|---|---|---|---|
| 001 | 000039363 | ||
| 005 | 20210629083419.0 | ||
| 008 | 130625s2004 dr 000 0 spa d | ||
| 020 | _a9993477362 | ||
| 040 |
_aDO-SdBNP _bspa _cBNPHU |
||
| 100 | 1 |
_aLinares, Manuel _953454 |
|
| 245 | 1 | 0 |
_aEvolución de la política social dominicana : _b1990-2000 / _csustentado por Manuel Linares. |
| 260 |
_aSanto Domingo : _bEditora Universitaria, _c2004. |
||
| 300 |
_a186 p. ; _c28 cm. |
||
| 490 | 1 |
_aPublicación de la Universidad Autónoma de Santo Domingo _v1193 |
|
| 490 | 1 |
_aEconomía y Sociedad _v18 |
|
| 500 | _aIncluye referencias bibliográficas y notas al pie de las páginas | ||
| 502 | _aTrabajo académico (tesina) para obtener la suficiencia investigativa en el en el doctorado en economía "nuevos retos en la globalización | ||
| 504 | _aBibliografía : p.179-186 | ||
| 830 |
_aPubliacaciones de la Universidad Autónoma de Santo Domingo _v1193 _956533 |
||
| 830 | 0 |
_aEconomía y Sociedad _v18 _99447 |
|
| 999 |
_c38853 _d38853 |
||